[Event "I Festival A"]
[Site "Fano ITA"]
[Date "2012.07.31"]
[Round "2"]
[White "Gambardella, Piero"]
[Black "Vincenzi, Marco"]
[WhiteElo "1992"]
[BlackElo "2103"]
[Result "0-1"]
[PlyCount "82"]
[EventDate "2012.07.30"]

1. d4 Nf6 2. c4 g6 3. Nc3 d5 4. cxd5 Nxd5 5. e4 Nxc3 6. bxc3 Bg7 7. Bb5+ c6 8.
Ba4 O-O 9. Ne2 c5 10. O-O Qa5 11. Rb1 a6 12. Bg5 b5 13. Bc2 Ra7 14. a4 Rd8 15.
axb5 axb5 16. Ra1 Qxa1 17. Qxa1 Rxa1 18. Rxa1 cxd4 19. cxd4 Nc6 20. Ra8 Nxd4
21. Nxd4 Bxd4 22. Bxe7 Re8 23. Bb4 Kg7 24. Bb3 Bd7 25. Rxe8 Bxe8 26. Bd5 Bd7
27. Kf1 Be6 28. Bxe6 fxe6 29. f4 Kf6 30. Ke2 h5 31. g3 g5 32. h3 g4 33. hxg4
hxg4 34. Ba5 Bc5 35. Kd3 Bf2 36. Bd8+ Kf7 37. Bh4 Ke8 38. f5 Kf7 39. Ke2 Bd4
40. Bg5 Bc3 41. Bh4 Bf6 0-1

[Event "I Festival A"]
[Site "Fano ITA"]
[Date "2012.07.31"]
[Round "2"]
[White "Gromovs, Sergejs"]
[Black "Varvaglione, Antonio"]
[WhiteElo "2233"]
[BlackElo "2011"]
[Result "0-1"]
[PlyCount "44"]
[EventDate "2012.07.30"]

1. e4 d6 2. Bc4 Nf6 3. d3 e5 4. f4 Nc6 5. Nf3 Be7 6. O-O O-O 7. Nc3 Na5 8. f5
Nxc4 9. dxc4 c6 10. Kh1 b6 11. Bg5 Bb7 12. Qd2 Qc7 13. Bxf6 Bxf6 14. g4 Rfd8
15. g5 Be7 16. f6 Bf8 17. fxg7 Bxg7 18. Nh4 d5 19. Rf6 dxe4 20. Qe3 c5 21. Raf1
Qd7 22. Nf5 Qd2 0-1

[Event "I Festival A"]
[Site "Fano ITA"]
[Date "2012.07.31"]
[Round "2"]
[White "Mandolini, Riccardo"]
[Black "Sindoni, Antonio"]
[WhiteElo "2091"]
[BlackElo "1931"]
[Result "1/2-1/2"]
[PlyCount "33"]
[EventDate "2012.07.30"]

1. e4 e5 2. Nc3 Nf6 3. g3 d5 4. exd5 Nxd5 5. Bg2 Nxc3 6. bxc3 Nc6 7. Nf3 Bc5 8.
O-O O-O 9. d3 Bg4 10. Rb1 Bb6 11. Qe1 Re8 12. Be3 Qd7 13. Ng5 h6 14. Ne4 Bh3
15. f3 Bxg2 16. Kxg2 Qe7 17. Qf2 1/2-1/2

[Event "I Festival A"]
[Site "Fano ITA"]
[Date "2012.07.31"]
[Round "2"]
[White "Mazzarini, Daniele"]
[Black "Salzano, Guido"]
[WhiteElo "1905"]
[BlackElo "2023"]
[Result "0-1"]
[PlyCount "99"]
[EventDate "2012.07.30"]

1. d4 Nf6 2. c4 g6 3. Nc3 d5 4. Bg5 Ne4 5. Bh4 Nxc3 6. bxc3 Bg7 7. e3 O-O 8.
Nf3 Re8 9. Qb3 c6 10. Be2 Qa5 11. O-O Nd7 12. cxd5 cxd5 13. c4 e5 14. dxe5 Nxe5
15. cxd5 Nxf3+ 16. Bxf3 Bxa1 17. Rxa1 Bd7 18. Rd1 Qa4 19. Qxa4 Bxa4 20. Rd4
Rac8 21. h3 Bd7 22. Bf6 b5 23. g4 Rc4 24. Rd2 Rec8 25. Bd1 a5 26. Kg2 a4 27.
Kg3 Kf8 28. h4 Ke8 29. f4 b4 30. Kf3 Rc1 31. e4 Bb5 32. f5 b3 33. e5 bxa2 34.
e6 a1=Q 35. Bxa1 Rxa1 36. d6 fxe6 37. fxe6 Rd8 38. Kf4 Ra3 39. Kg5 Re3 40. Kf6
Re1 41. h5 gxh5 42. g5 Rxd1 43. Rxd1 a3 44. Ra1 Rxd6 45. Rxa3 Ra6 46. Rb3 Rxe6+
47. Kg7 Re7+ 48. Kh6 Be2 49. g6 hxg6 50. Kxg6 0-1

[Event "I Festival A"]
[Site "Fano ITA"]
[Date "2012.07.31"]
[Round "2"]
[White "Piro, Valerio"]
[Black "Faini, Marco"]
[WhiteElo "2013"]
[BlackElo "1908"]
[Result "1/2-1/2"]
[PlyCount "56"]
[EventDate "2012.07.30"]

1. e4 c5 2. c3 d6 3. d4 Nf6 4. Bd3 Nc6 5. Nf3 Bg4 6. Be3 cxd4 7. cxd4 g6 8.
Nbd2 Bg7 9. h3 Bxf3 10. Nxf3 Nd7 11. Qd2 a6 12. O-O O-O 13. Rac1 e6 14. Rc2 d5
15. e5 Qb6 16. a3 Rfc8 17. Rfc1 Rc7 18. Bh6 Rac8 19. Bxg7 Kxg7 20. Qf4 h6 21.
Re1 Ne7 22. Rce2 Ng8 23. h4 Qb3 24. Bb1 Nb6 25. h5 Qb5 26. Ba2 Nc4 27. Qg4 Qe8
28. Nh4 g5 1/2-1/2

[Event "I Festival A"]
[Site "Fano ITA"]
[Date "2012.07.31"]
[Round "2"]
[White "Prohaszka, Peter"]
[Black "Pulito, Alberto"]
[WhiteElo "2562"]
[BlackElo "2252"]
[Result "1-0"]
[PlyCount "49"]
[EventDate "2012.07.30"]

1. d4 Nf6 2. c4 e6 3. g3 d5 4. Bg2 Be7 5. Nf3 O-O 6. O-O dxc4 7. Qc2 a6 8. a4
Nbd7 9. Rd1 a5 10. Qxc4 Nb6 11. Qb3 Nbd5 12. Ne5 h6 13. Nc3 Nb4 14. e4 Ra6 15.
Be3 Bd7 16. h3 Qc8 17. Rac1 Rd8 18. Nxd7 Rxd7 19. d5 exd5 20. e5 Nh7 21. Nxd5
Bf8 22. h4 Qd8 23. Nxc7 Rxd1+ 24. Qxd1 Qxd1+ 25. Rxd1 1-0

[Event "I Festival A"]
[Site "Fano ITA"]
[Date "2012.07.31"]
[Round "2"]
[White "Rizzardi, Franco"]
[Black "Calavalle, Giulio"]
[WhiteElo "2026"]
[BlackElo "2185"]
[Result "0-1"]
[PlyCount "92"]
[EventDate "2012.07.30"]

1. e4 c5 2. Nf3 Nc6 3. d4 cxd4 4. Nxd4 Nf6 5. Nc3 e6 6. Be3 Bb4 7. Bd3 d5 8.
Nxc6 bxc6 9. e5 d4 10. Bd2 Nd7 11. Ne4 Bxd2+ 12. Qxd2 O-O 13. f4 Rb8 14. b3 c5
15. O-O Bb7 16. Qe2 Bxe4 17. Qxe4 g6 18. g4 Nb6 19. Rf3 Nd5 20. Rg3 f5 21. exf6
Qxf6 22. f5 Ne3 23. fxg6 hxg6 24. Qxg6+ Qxg6 25. Bxg6 Rf4 26. Re1 Rbf8 27. Bd3
e5 28. h3 e4 29. Rgxe3 dxe3 30. Bc4+ Kg7 31. Rxe3 Kg6 32. Bd5 Kg5 33. Rxe4 Rxe4
34. Bxe4 Kf4 35. Bd3 Kg3 36. h4 Kxh4 37. Kg2 Kxg4 38. a3 a5 39. a4 Rf4 40. Bh7
c4 41. Bg8 c3 42. Be6+ Kg5 43. Bd5 Rd4 44. Bc4 Rd2+ 45. Kf3 Rxc2 46. Ke3 Rh2
0-1

[Event "I Festival A"]
[Site "Fano ITA"]
[Date "2012.07.31"]
[Round "2"]
[White "Rovedi, Mauro"]
[Black "Marozzi, Giovanni"]
[WhiteElo "2056"]
[BlackElo "1928"]
[Result "1-0"]
[PlyCount "109"]
[EventDate "2012.07.30"]

1. f4 d5 2. Nf3 c5 3. e3 Nc6 4. Bb5 Bg4 5. Bxc6+ bxc6 6. O-O Qb6 7. Qe1 g6 8.
Ne5 Bc8 9. d3 Nf6 10. b3 Bg7 11. Bb2 Ng4 12. Nd2 O-O 13. Ndf3 Nh6 14. Nd2 Rd8
15. Bc3 a5 16. a4 Nf5 17. Rb1 Nxe3 18. Qxe3 d4 19. Ndc4 Qc7 20. Qf2 dxc3 21.
Qxc5 Bb7 22. Rbe1 e6 23. Kh1 Bf8 24. Qe3 c5 25. Qg3 Kh8 26. Ne3 f5 27. Nd1 Bd5
28. Nxc3 Qg7 29. Ne2 Bd6 30. Ng1 Rf8 31. Ngf3 Bxf3 32. Rxf3 Rae8 33. Rfe3 Qh6
34. Qf2 g5 35. g3 c4 36. d4 c3 37. R1e2 Bb4 38. Nd3 Bd6 39. fxg5 Qxg5 40. Rxe6
Rd8 41. Nf4 Qg7 42. R6e3 Bxf4 43. Qxf4 Rxd4 44. Qf3 Rd1+ 45. Kg2 Rd2 46. Rxd2
cxd2 47. Rd3 f4 48. g4 h5 49. h3 hxg4 50. hxg4 d1=Q 51. Rxd1 Rc8 52. Rh1+ Kg8
53. Qd5+ Kf8 54. Qf5+ Ke7 55. Rh7 1-0

[Event "I Festival A"]
[Site "Fano ITA"]
[Date "2012.07.31"]
[Round "2"]
[White "Rubini, Alessandro"]
[Black "Collutiis, Duilio"]
[WhiteElo "1917"]
[BlackElo "2508"]
[Result "0-1"]
[PlyCount "50"]
[EventDate "2012.07.30"]

1. e4 c5 2. Nf3 Nc6 3. d4 cxd4 4. Nxd4 Qc7 5. Nc3 e6 6. Ndb5 Qb8 7. Be3 a6 8.
Nd4 Qc7 9. Be2 b5 10. f4 Bb7 11. Nxc6 Bxc6 12. Bf3 Qb7 13. O-O d6 14. Qd4 b4
15. Ne2 Nf6 16. Ng3 Be7 17. a3 h5 18. e5 dxe5 19. Bxc6+ Qxc6 20. fxe5 Nd5 21.
axb4 h4 22. Ne4 h3 23. g3 Nxb4 24. Rac1 Rd8 25. Nd6+ Rxd6 0-1

[Event "I Festival A"]
[Site "Fano ITA"]
[Date "2012.07.31"]
[Round "2"]
[White "Rusev, Krasimir"]
[Black "Parpinel, Marco"]
[WhiteElo "2540"]
[BlackElo "2159"]
[Result "1-0"]
[PlyCount "63"]
[EventDate "2012.07.30"]

1. d4 Nf6 2. c4 e6 3. Nf3 Bb4+ 4. Bd2 Qe7 5. Qc2 Bxd2+ 6. Nbxd2 d6 7. e3 e5 8.
g3 Nc6 9. d5 Nb8 10. Bg2 O-O 11. O-O a5 12. Ne1 Na6 13. a3 Nc5 14. b3 Nh5 15.
Rb1 f5 16. b4 axb4 17. axb4 Na4 18. Nd3 e4 19. Nc1 Qe5 20. Ne2 c5 21. dxc6 bxc6
22. c5 Ba6 23. Nc4 Qd5 24. Rfc1 dxc5 25. bxc5 Bb5 26. Nd4 Rab8 27. Nxb5 cxb5
28. Nd6 Nb6 29. Rd1 Qc6 30. Rxb5 Nd7 31. Rxb8 Nxb8 32. Qc4+ 1-0

[Event "I Festival A"]
[Site "Fano ITA"]
[Date "2012.07.31"]
[Round "2"]
[White "Stella, Andrea"]
[Black "Laketic, Gojko"]
[WhiteElo "2442"]
[BlackElo "2440"]
[Result "1-0"]
[PlyCount "61"]
[EventDate "2012.07.30"]

1. Nf3 d5 2. c4 c6 3. d4 Nf6 4. Nbd2 g6 5. e3 Bg7 6. b4 O-O 7. Be2 a5 8. b5
dxc4 9. Bxc4 c5 10. Bb2 Nbd7 11. O-O Nb6 12. Be2 Bf5 13. Qb3 Nbd7 14. Rac1 Be6
15. Qa3 cxd4 16. Nxd4 Bd5 17. e4 e5 18. exd5 exd4 19. d6 Nd5 20. Bf3 N7b6 21.
Nb3 d3 22. Bxg7 Kxg7 23. Qc5 a4 24. Bxd5 axb3 25. Bxb3 Kg8 26. Rcd1 Na4 27. Qd4
Qa5 28. Rxd3 Qxb5 29. Rf3 Nb6 30. Rb1 Qc6 31. Rc3 1-0

[Event "I Festival A"]
[Site "Fano ITA"]
[Date "2012.07.31"]
[Round "2"]
[White "Tonel, Giulia"]
[Black "Rago, Riccardo"]
[WhiteElo "1967"]
[BlackElo "2079"]
[Result "1-0"]
[PlyCount "53"]
[EventDate "2012.07.30"]

1. d4 d5 2. c4 c6 3. Nf3 Nf6 4. Nc3 e6 5. e3 Nbd7 6. Qc2 Bd6 7. Bd2 O-O 8. Be2
a6 9. c5 Bc7 10. O-O e5 11. b4 Re8 12. a4 e4 13. Ne1 Nf8 14. f3 exf3 15. Nxf3
Ng6 16. Bd3 Bg4 17. Rae1 Qd7 18. Ng5 Re7 19. h3 Bh5 20. Bf5 Qe8 21. g4 Nh4 22.
Bxh7+ Kh8 23. gxh5 Nxh5 24. Bf5 f6 25. Bd7 Qg8 26. Bg4 Ng3 27. Nf3 1-0

[Event "I Festival A"]
[Site "Fano ITA"]
[Date "2012.08.01"]
[Round "3"]
[White "Arnaudov, G. Petar"]
[Black "Prohaszka, Peter"]
[WhiteElo "2486"]
[BlackElo "2562"]
[Result "1/2-1/2"]
[PlyCount "40"]
[EventDate "2012.07.30"]

1. c4 c6 2. Nf3 d5 3. g3 Bg4 4. Bg2 e6 5. cxd5 Bxf3 6. Bxf3 cxd5 7. O-O Nc6 8.
d3 Nf6 9. Nc3 Be7 10. Bd2 O-O 11. a3 Nd7 12. Rc1 Qb6 13. b4 a5 14. Na4 Qa6 15.
Nc5 Nxc5 16. bxc5 Qa7 17. Be3 d4 18. Bd2 Bxc5 19. Qa4 Rac8 20. Rb1 Rc7 1/2-1/2

[Event "I Festival A"]
[Site "Fano ITA"]
[Date "2012.08.01"]
[Round "3"]
[White "Banusz, Tamas"]
[Black "David, Alberto"]
[WhiteElo "2556"]
[BlackElo "2605"]
[Result "1/2-1/2"]
[PlyCount "150"]
[EventDate "2012.07.30"]

1. Nf3 d5 2. d4 Nf6 3. c4 e6 4. g3 dxc4 5. Bg2 c6 6. Ne5 Bb4+ 7. Bd2 Qxd4 8.
Bxb4 Qxe5 9. Na3 b5 10. Bd6 Qxb2 11. O-O Nd5 12. e4 Nc3 13. Qh5 h6 14. e5 Bd7
15. Qg4 Na6 16. Rab1 Nxb1 17. Rxb1 Qxa2 18. Rxb5 c3 19. Qe4 Nc7 20. Rb1 Nd5 21.
Bc5 c2 22. Rc1 Rb8 23. Bf1 f5 24. exf6 gxf6 25. Nc4 Rb1 26. Rxc2 Qa1 27. Nd6+
Kd8 28. Qc4 Rxf1+ 29. Qxf1 Qxf1+ 30. Kxf1 Kc7 31. Ra2 Ra8 32. Nc4 a5 33. Rxa5
Rxa5 34. Nxa5 e5 35. Nc4 Bh3+ 36. Ke2 Kd7 37. f3 Ke6 38. Ne3 h5 39. Bf8 Kf7 40.
Bc5 Bc8 41. Kd2 Nc7 42. Nd1 Ne6 43. Bb6 Ng5 44. Ke3 Nxf3 45. Kxf3 Bg4+ 46. Ke3
Bxd1 47. Bd8 h4 48. Kd2 Bg4 49. Ke3 Ke6 50. Bb6 h3 51. Bc5 Kd5 52. Be7 f5 53.
Bf8 c5 54. Be7 Bh5 55. Bf8 Be8 56. Be7 Bd7 57. Bf8 Bc8 58. Be7 Be6 59. Bf8 c4
60. Bb4 Kc6 61. Bc3 e4 62. Kd4 Kb5 63. Bd2 Bc8 64. Kc3 Kc5 65. Be3+ Kd5 66. Bd2
Be6 67. Bf4 Bf7 68. Bd2 Bh5 69. Be3 Be2 70. Kd2 Bf1 71. Kc3 Ke6 72. Kd4 Kf6 73.
Bd2 Bd3 74. Be1 Kg5 75. Bd2+ Kg4 1/2-1/2

[Event "I Festival A"]
[Site "Fano ITA"]
[Date "2012.08.01"]
[Round "3"]
[White "Calavalle, Giulio"]
[Black "Brancaleoni, Maurizio"]
[WhiteElo "2185"]
[BlackElo "2224"]
[Result "1-0"]
[PlyCount "95"]
[EventDate "2012.07.30"]

1. e4 c5 2. Nc3 e6 3. g3 a6 4. Bg2 b5 5. d3 Bb7 6. f4 Nf6 7. Nf3 d5 8. e5 Nfd7
9. d4 Nc6 10. Ne2 Be7 11. c3 a5 12. O-O b4 13. g4 Qb6 14. Be3 cxd4 15. Nexd4
Bc5 16. Bf2 O-O 17. Nxc6 Bxf2+ 18. Rxf2 Bxc6 19. Nd4 Bb7 20. Qe1 Rfe8 21. Rf3
f6 22. Rh3 fxe5 23. fxe5 Nf8 24. Qh4 Rac8 25. Kh1 bxc3 26. bxc3 Rc7 27. Qe1 Ba6
28. Rb1 Qc5 29. a4 Ng6 30. Rf3 Rb7 31. Rxb7 Bxb7 32. Bf1 Qb6 33. Bd3 Nf8 34.
Rf1 Qc7 35. Nb5 Qd8 36. Nd6 Re7 37. Qh4 d4+ 38. Kg1 dxc3 39. Rxf8+ Kxf8 40.
Qxh7 Qb6+ 41. Kf1 Rf7+ 42. Nxf7 Qc6 43. Qh8+ Ke7 44. Qh4+ Kf8 45. Qf2 c2 46.
Nd6+ Ke7 47. Bxc2 Ba6+ 48. Kg1 1-0

[Event "I Festival A"]
[Site "Fano ITA"]
[Date "2013.08.01"]
[Round "3"]
[White "Cardarelli, Angelo"]
[Black "Mazzarini, Daniele"]
[WhiteElo "1954"]
[BlackElo "1905"]
[Result "1-0"]
[PlyCount "63"]
[EventDate "2012.07.30"]

1. e4 c6 2. d4 d5 3. e5 Bf5 4. Nf3 e6 5. Be2 Ne7 6. Nh4 Be4 7. f3 Bg6 8. Nxg6
hxg6 9. g4 Nd7 10. Be3 Qb6 11. Qc1 Ng8 12. c3 Nh6 13. Na3 c5 14. Qd2 O-O-O 15.
O-O Be7 16. Rab1 Rh7 17. c4 f6 18. f4 Nf7 19. cxd5 exd5 20. Bf3 Qe6 21. Nc2 Kb8
22. Qd3 Rdh8 23. f5 gxf5 24. gxf5 c4 25. fxe6 cxd3 26. Ne1 Ndxe5 27. exf7 Nc4
28. Bf4+ Ka8 29. b3 g5 30. bxc4 gxf4 31. Rf2 Rb8 32. Bxd5 1-0

[Event "I Festival A"]
[Site "Fano ITA"]
[Date "2012.08.01"]
[Round "3"]
[White "Chierici, Marianna"]
[Black "Fico, Massimiliano"]
[WhiteElo "2050"]
[BlackElo "2281"]
[Result "0-1"]
[PlyCount "80"]
[EventDate "2012.07.30"]

1. d4 d5 2. Nc3 Nc6 3. Bg5 f6 4. Bh4 Nh6 5. e4 dxe4 6. d5 Ne5 7. Bg3 Nhf7 8.
Qd4 e6 9. O-O-O exd5 10. f4 Nc6 11. Bb5 Bd6 12. Qxd5 f5 13. Nh3 O-O 14. Ng5 Qe7
15. Bc4 Ncd8 16. Ne2 Kh8 17. h4 Nh6 18. Nd4 Ng4 19. Rde1 Nf6 20. Qb5 c5 21. Ne2
a6 22. Qa5 Bd7 23. Rd1 Bc6 24. h5 h6 25. Qd2 Bc7 26. a3 b5 27. Ba2 c4 28. Nd4
Bd7 29. Rh3 Nc6 30. Nge6 Bxe6 31. Nxc6 Qc5 32. Nd4 c3 33. Nxe6 cxd2+ 34. Rxd2
Qg1+ 35. Rd1 Qxg2 36. Rdh1 Rfc8 37. Bb3 Ng4 38. Be1 Bd8 39. Nf8 Bf6 40. Ng6+
Kh7 0-1

[Event "I Festival A"]
[Site "Fano ITA"]
[Date "2012.08.01"]
[Round "3"]
[White "Collutiis, Duilio"]
[Black "Stella, Andrea"]
[WhiteElo "2508"]
[BlackElo "2442"]
[Result "0-1"]
[PlyCount "160"]
[EventDate "2012.07.30"]

1. e4 e6 2. d3 d5 3. Nd2 Nf6 4. Ngf3 Bc5 5. e5 Nfd7 6. d4 Bb6 7. Nb3 c5 8. dxc5
Nxc5 9. Nxc5 Bxc5 10. Bd3 Nc6 11. O-O h6 12. c3 Bd7 13. Qe2 Rc8 14. b4 Be7 15.
Bb2 a6 16. a3 Na7 17. Nd4 Nc6 18. Nf3 Na7 19. Nd2 Ba4 20. Rac1 O-O 21. f4 Bb5
22. c4 dxc4 23. Nxc4 Rc7 24. Rfd1 Rd7 25. Qe4 g6 26. Nd6 Bc6 27. Qe3 Nc8 28.
Qh3 Nxd6 29. exd6 Rxd6 30. Be5 Rd5 31. Qxh6 Bf6 32. Be2 Bxe5 33. fxe5 Qb6+ 34.
Kh1 Rxe5 35. Bf1 Qf2 36. Qd2 Qxd2 37. Rxd2 Re3 38. Ra1 Rc8 39. Kg1 Bd5 40. g3
Rcc3 41. a4 Ra3 42. Rxa3 Rxa3 43. a5 Rb3 44. Rd4 Rb2 45. h4 Bc6 46. Rg4 Kh7 47.
Rd4 e5 48. Rd6 Rxb4 49. Bxa6 Ra4 50. Bd3 e4 51. Be2 Rxa5 52. Kf2 Rd5 53. Rf6
Kg7 54. Rf4 f5 55. Ke3 Bb5 56. Rf1 Bxe2 57. Kxe2 b5 58. Ra1 Rd3 59. Ra7+ Kh6
60. Kf2 b4 61. Rb7 b3 62. Rb8 Kh5 63. Rb6 b2 64. Rxb2 Kg4 65. Rb6 Rf3+ 66. Ke2
Rxg3 67. Rxg6+ Kxh4 68. Rh6+ Kg5 69. Rh8 Kf4 70. Rh4+ Ke5 71. Rh5 Ra3 72. Kf2
Ra2+ 73. Kg3 e3 74. Rh4 Rf2 75. Ra4 f4+ 76. Kh3 e2 77. Ra8 f3 78. Re8+ Kd6 79.
Kg3 Rf1 80. Kh2 e1=Q 0-1

[Event "I Festival A"]
[Site "Fano ITA"]
[Date "2012.08.01"]
[Round "3"]
[White "Djuric, Stefan"]
[Black "Buriani, Andrea"]
[WhiteElo "2442"]
[BlackElo "2174"]
[Result "1-0"]
[PlyCount "86"]
[EventDate "2012.07.30"]

1. e4 e5 2. Nf3 Nc6 3. Bb5 a6 4. Ba4 Nf6 5. O-O b5 6. Bb3 Bb7 7. Re1 Be7 8. c3
O-O 9. d4 d6 10. a3 exd4 11. cxd4 Na5 12. Bc2 c5 13. Nc3 b4 14. axb4 cxb4 15.
Na4 Rc8 16. d5 Nc4 17. Nd4 Nd7 18. Bd3 Bf6 19. Nf5 Nde5 20. Bf1 Re8 21. h3 Ng6
22. g3 h6 23. Bg2 Ne7 24. Ne3 Nb6 25. Ng4 Nd7 26. Nxf6+ Nxf6 27. Be3 Ng6 28.
Bb6 Qe7 29. b3 Nd7 30. Ba5 Nc5 31. Bxb4 Nxa4 32. Rxa4 Ne5 33. Kh2 Nd7 34. e5
Nc5 35. exd6 Qxd6 36. Rxe8+ Rxe8 37. Qc2 Bxd5 38. Bxc5 Bxb3 39. Qxb3 Qxc5 40.
Qa2 Re6 41. Rc4 Qf8 42. Bd5 Rf6 43. Rc7 Qe8 1-0

[Event "I Festival A"]
[Site "Fano ITA"]
[Date "2012.08.01"]
[Round "3"]
[White "Faini, Marco"]
[Black "Gromovs, Sergejs"]
[WhiteElo "1908"]
[BlackElo "2233"]
[Result "1-0"]
[PlyCount "109"]
[EventDate "2012.07.30"]

1. c4 b5 2. d3 g6 3. Nf3 Bg7 4. g3 bxc4 5. dxc4 Nc6 6. Nbd2 Rb8 7. Rb1 Nb4 8.
a3 Na2 9. Qc2 h5 10. e4 e5 11. c5 Ne7 12. Bc4 Nxc1 13. Rxc1 Nc6 14. b4 a6 15.
Bd5 Bb7 16. h4 O-O 17. O-O Qe7 18. Nb3 Qf6 19. Kg2 Bc8 20. Bxc6 Qxc6 21. Qc4
Qb5 22. Nfd2 Bb7 23. f3 Qa4 24. Nb1 Bc6 25. Rf2 Bh6 26. Re1 d6 27. Ra2 Qb5 28.
Qc2 dxc5 29. Nxc5 Rfd8 30. Rd1 a5 31. Rb2 Rxd1 32. Qxd1 Qxc5 33. bxc5 Rxb2+ 34.
Kh1 Be3 35. Nc3 Bd4 36. Nd5 Bb5 37. c6 Kg7 38. Nxc7 Bxc6 39. Qc1 Bd7 40. Nd5
Bb5 41. Qg5 Rb1+ 42. Kg2 Kh7 43. Nf6+ Kg7 44. Nxh5+ Kg8 45. Qd8+ Kh7 46. Nf6+
Kg7 47. Ne8+ Bxe8 48. Qxe8 Rb2+ 49. Kh3 Rb3 50. a4 Rxf3 51. Kg4 Re3 52. Qc6 f6
53. h5 gxh5+ 54. Kxh5 Rxg3 55. Qd7+ 1-0

[Event "I Festival A"]
[Site "Fano ITA"]
[Date "2012.08.01"]
[Round "3"]
[White "Iasman, Inna"]
[Black "Mandolini, Riccardo"]
[WhiteElo "1970"]
[BlackElo "2091"]
[Result "0-1"]
[PlyCount "100"]
[EventDate "2012.07.30"]

1. d4 d5 2. c4 c6 3. Nc3 Nf6 4. Nf3 a6 5. cxd5 cxd5 6. Bf4 e6 7. e3 b5 8. a3
Bb7 9. Bd3 Nbd7 10. O-O Rc8 11. Rc1 Be7 12. Ne5 O-O 13. Qe2 Nb6 14. h3 Nc4 15.
Rfd1 Nd7 16. Nxd7 Qxd7 17. e4 dxe4 18. Nxe4 Qd5 19. Bxc4 Qxe4 20. Qxe4 Bxe4 21.
Bb3 Rfd8 22. Rxc8 Rxc8 23. d5 exd5 24. f3 Bc2 25. Bxc2 Rxc2 26. Be5 f6 27. Bc3
Bxa3 28. Ra1 Bc5+ 29. Kh2 d4 30. Be1 d3 31. Rd1 Rxb2 32. Rxd3 Kf7 33. Rd7+ Kg6
34. h4 h5 35. Kh3 Re2 36. Ba5 Re7 37. Rd5 Ba3 38. Rd3 Bb2 39. Rd6 Ra7 40. g4
Ba3 41. Rc6 hxg4+ 42. Kxg4 Be7 43. h5+ Kf7 44. Kf5 Rb7 45. h6 gxh6 46. Bc3 b4
47. Bxf6 Rb5+ 48. Be5 b3 49. Rxh6 b2 50. Rh7+ Ke8 0-1

[Event "I Festival A"]
[Site "Fano ITA"]
[Date "2012.08.01"]
[Round "3"]
[White "Laketic, Gojko"]
[Black "Rovedi, Mauro"]
[WhiteElo "2440"]
[BlackElo "2056"]
[Result "1-0"]
[PlyCount "67"]
[EventDate "2012.07.30"]

1. d4 Nf6 2. c4 e6 3. Nf3 Bb4+ 4. Nbd2 a5 5. g3 b6 6. Bg2 Bb7 7. O-O O-O 8. Qc2
Bxd2 9. Qxd2 Be4 10. b3 d5 11. Bb2 Nbd7 12. Rfd1 a4 13. Bf1 axb3 14. axb3 Bxf3
15. exf3 Rxa1 16. Rxa1 Qb8 17. Qb4 Qb7 18. Qa3 h5 19. Qa6 Qc6 20. c5 Nb8 21.
Qa7 Nbd7 22. b4 e5 23. b5 Qe6 24. c6 e4 25. cxd7 Qxd7 26. Rc1 Rc8 27. fxe4 Nxe4
28. Qa3 h4 29. Qe3 hxg3 30. hxg3 Re8 31. Qf4 Re7 32. Ba3 g5 33. Qe3 Re6 34. Bh3
1-0

[Event "I Festival A"]
[Site "Fano ITA"]
[Date "2012.08.01"]
[Round "3"]
[White "Marozzi, Giovanni"]
[Black "Gambardella, Piero"]
[WhiteElo "1928"]
[BlackElo "1992"]
[Result "0-1"]
[PlyCount "78"]
[EventDate "2012.07.30"]

1. e4 e6 2. d4 d5 3. Nc3 Bb4 4. exd5 exd5 5. Qd3 Ne7 6. a3 Bd6 7. Nb5 O-O 8.
Bd2 Bf5 9. Qb3 Nbc6 10. Ne2 Re8 11. O-O-O a6 12. Nxd6 cxd6 13. g4 Bg6 14. h4
Rc8 15. c3 Bd3 16. Be3 Na5 17. Qa2 Bc4 18. Qb1 Nb3+ 19. Kc2 Qd7 20. Nc1 Qa4 21.
Bxc4 dxc4 22. Nxb3 cxb3+ 23. Kd2 Nc6 24. Rde1 Na5 25. Kd1 Nc4 26. Bc1 Qc6 27.
Qf5 b5 28. Rh3 d5 29. Rf3 Nd6 30. Qd3 Re4 31. Rg3 Rce8 32. Rgg1 Nc4 33. Rxe4
dxe4 34. Qg3 e3 35. fxe3 Qe4 36. Rg2 Qd3+ 37. Ke1 Qb1 38. Re2 Qxc1+ 39. Kf2 Nd2
0-1

[Event "I Festival A"]
[Site "Fano ITA"]
[Date "2012.08.01"]
[Round "3"]
[White "Parpinel, Marco"]
[Black "Salzano, Guido"]
[WhiteElo "2159"]
[BlackElo "2023"]
[Result "1-0"]
[PlyCount "67"]
[EventDate "2012.07.30"]

1. e4 e5 2. Nc3 Nf6 3. Bc4 Bc5 4. f4 d6 5. Nf3 Nc6 6. d3 a6 7. f5 h6 8. a3 Ba7
9. Qe2 Bd7 10. g4 Nd4 11. Qg2 Nxf3+ 12. Qxf3 Bc6 13. g5 Nd7 14. Qh5 Qe7 15. f6
gxf6 16. gxh6 Rh7 17. Qf5 Rh8 18. Bd2 O-O-O 19. O-O-O Kb8 20. Rdf1 Rdg8 21. Rf3
Rg6 22. Rg3 Nf8 23. Rf1 Bd7 24. Nd5 Qd8 25. Qf3 Nh7 26. Rxg6 fxg6 27. Nxf6 b5
28. Bd5 c6 29. Bb3 Nf8 30. Bg5 Ne6 31. Nxd7+ Qxd7 32. Bxe6 Qxe6 33. Qf7 Qg4 34.
Qf6 1-0

[Event "I Festival A"]
[Site "Fano ITA"]
[Date "2012.08.01"]
[Round "3"]
[White "Pein, Malcolm"]
[Black "Gallucci, Alessio"]
[WhiteElo "2377"]
[BlackElo "2245"]
[Result "1-0"]
[PlyCount "53"]
[EventDate "2012.07.30"]

1. Nf3 c5 2. c4 Nf6 3. Nc3 Nc6 4. e3 e6 5. d4 cxd4 6. exd4 d5 7. cxd5 Nxd5 8.
Bd3 Be7 9. O-O O-O 10. Re1 Bf6 11. Bc4 Nce7 12. Qd3 Ng6 13. h4 Nxc3 14. bxc3
Bxh4 15. Nxh4 Qxh4 16. Rb1 e5 17. Ba3 Rd8 18. Rb5 Be6 19. Bb3 Nf4 20. Qg3 Qxg3
21. fxg3 Nd5 22. c4 Nb6 23. d5 Bc8 24. Rc5 Bf5 25. Rc7 Rac8 26. Rxc8 Rxc8 27.
c5 1-0

[Event "I Festival A"]
[Site "Fano ITA"]
[Date "2012.08.01"]
[Round "3"]
[White "Petrone, Gianmario"]
[Black "Caprio, Guido"]
[WhiteElo "1930"]
[BlackElo "2430"]
[Result "0-1"]
[PlyCount "68"]
[EventDate "2012.07.30"]

1. e4 b6 2. d4 Bb7 3. Nc3 e6 4. Bd3 Nf6 5. Nge2 c5 6. O-O cxd4 7. Nxd4 Nc6 8.
Nxc6 Bxc6 9. e5 Nd5 10. Nxd5 Bxd5 11. Qg4 Qc7 12. Re1 h5 13. Qf4 Qb7 14. Be4
Rc8 15. Bxd5 Qxd5 16. Qa4 b5 17. Qb3 Qxb3 18. axb3 Rxc2 19. Rxa7 Bc5 20. Ra8+
Ke7 21. Rxh8 Bxf2+ 22. Kf1 Bxe1 23. Bg5+ f6 24. exf6+ gxf6 25. Rh7+ Kd6 26.
Bxf6 Ba5 27. Rxh5 Bb6 28. Bh4 Kc6 29. g4 Rxh2 30. g5 Bd4 31. g6 Rh1+ 32. Ke2
Bxb2 33. Bf6 Rxh5 34. g7 Rg5 0-1

[Event "I Festival A"]
[Site "Fano ITA"]
[Date "2012.08.01"]
[Round "3"]
[White "Pulito, Alberto"]
[Black "Tonel, Giulia"]
[WhiteElo "2252"]
[BlackElo "1967"]
[Result "1-0"]
[PlyCount "59"]
[EventDate "2012.07.30"]

1. d4 Nf6 2. Nc3 g6 3. e4 d6 4. Bg5 Bg7 5. e5 Nfd7 6. f4 h6 7. Bh4 g5 8. fxg5
dxe5 9. Nf3 exd4 10. Nxd4 Ne5 11. Ndb5 Bg4 12. Be2 Bxe2 13. Qxe2 c6 14. Rd1 Qc8
15. Bg3 Nbd7 16. Rxd7 Qxd7 17. Bxe5 Kf8 18. Nd4 hxg5 19. O-O f6 20. Qc4 Ke8 21.
Bg3 b5 22. Qc5 e5 23. Nf5 Bf8 24. Qe3 Bd6 25. Ne4 Be7 26. Nfd6+ Kd8 27. Nf7+
Kc7 28. Nxh8 Rxh8 29. Qxa7+ Kd8 30. Qb8+ 1-0

[Event "I Festival A"]
[Site "Fano ITA"]
[Date "2012.08.01"]
[Round "3"]
[White "Rago, Riccardo"]
[Black "Di Lascio, Savino"]
[WhiteElo "2079"]
[BlackElo "1946"]
[Result "1-0"]
[PlyCount "115"]
[EventDate "2012.07.30"]

1. e4 c6 2. d4 d5 3. Nc3 dxe4 4. Nxe4 Nf6 5. Nxf6+ gxf6 6. Nf3 Bf5 7. Bd3 e6 8.
O-O Bxd3 9. Qxd3 Qc7 10. Bd2 Nd7 11. b4 Bg7 12. Rab1 Rd8 13. Rfe1 O-O 14. Qe4
Rfe8 15. Qg4 f5 16. Qh4 Nf8 17. Bh6 Ng6 18. Qh5 f6 19. g3 Bxh6 20. Qxh6 Qg7 21.
Qxg7+ Kxg7 22. b5 cxb5 23. Rxb5 b6 24. c4 f4 25. a4 fxg3 26. hxg3 Kf7 27. a5
bxa5 28. Rxa5 Re7 29. Rea1 Rdd7 30. Kg2 Rc7 31. c5 Red7 32. Ra6 Ne7 33. Rh1 Kg7
34. Rxe6 Nc6 35. Re4 Rd5 36. Ra1 a5 37. Ra4 Rb7 38. Re6 Rc7 39. Rd6 Rxd6 40.
cxd6 Rd7 41. d5 Nb4 42. Nd4 Kg6 43. Rxa5 Rxd6 44. Ne2 Kf5 45. Nf4 h6 46. Rb5
Na6 47. Rb7 Ke4 48. Re7+ Kd4 49. Rh7 f5 50. Rf7 Ke5 51. Rb7 Nc5 52. Re7+ Kf6
53. Re3 Nd7 54. Kh3 Nb6 55. Rd3 Nc4 56. Rc3 Ne5 57. Kh4 Ke7 58. Re3 1-0